Horror Movie Franchises #9: Alien - Statistics

General Stats
  • This quiz has been taken 99 times
    60 since last reset
  • The average score is 7 of 9
Answer Stats
Movie % Correct
Alien
100%
Alien3
96%
Aliens
96%
Alien vs. Predator
83%
Prometheus
83%
Alien: Romulus
81%
Alien: Covenant
74%
Alien: Resurrection
70%
AVPR: Alien vs. Predator-Requiem
2%
No matching quizzes found
Score Distribution
Percent of People with Each Score
Percentile by Number Answered
Your Score History
You have not taken this quiz since the last reset